00424nam a2200181Ia 4500003000400000005001700004008004100021020001800062040000700080041000800087082002200095100002700117245002600144250000600170260003500176300001700211365001400228OSt20230505162418.0210423s2008 xx 000 0 und d a9780123704580 cAL aeng a611.01 223bGOOS aGOODMAN (Steven R),Ed. aMedical cell biology. a3 aNew YorkbElsevier Indiac2008 axiii,320bPB b1780cINR